[Event "Richter/Lask-Klausen"]
[Site "?"]
[Date "2018.01.13"]
[Round "5.3"]
[White "Seebacher, Reinhard"]
[Black "Voltolini, Giuseppe"]
[Result "1-0"]
[WhiteElo "1883"]
[BlackElo "2135"]
[PlyCount "96"]
[EventDate "2018.01.??"]

1. Nf3 Nf6 2. c4 e6 3. Nc3 d5 4. e3 c5 5. cxd5 exd5 6. d4 c4 7. Ne5 Nc6 8. Be2
Be7 9. O-O O-O 10. b3 cxb3 11. Qxb3 Na5 12. Qa4 a6 13. Bf3 b5 14. Qc2 Be6 15.
Ne2 Rc8 16. Qd3 g6 17. Ng3 Nc4 18. Rd1 Qc7 19. Rb1 b4 20. h4 Bd6 21. Bb2 a5 22.
h5 Nxb2 23. Rxb2 Bxe5 24. dxe5 Qxe5 25. Rbd2 Kg7 26. Qb5 Qc7 27. Rd4 Qc5 28.
Qa4 Rb8 29. Rf4 h6 30. Rfd4 Rfc8 31. R1d2 Qb5 32. Qd1 a4 33. Qa1 Qc5 34. Ne2
Kh7 35. Rf4 Nxh5 36. Bxh5 gxh5 37. Qf6 Qf8 38. Rdd4 Qg7 39. Qxg7+ Kxg7 40. Rxb4
Rxb4 41. Rxb4 Rc2 42. Nd4 Rxa2 43. Rb6 a3 44. Ra6 h4 45. Nxe6+ fxe6 46. Rxe6
Rb2 47. Ra6 a2 48. Kh2 Rxf2 1-0

[Event "Richter/Lask-Klausen"]
[Site "?"]
[Date "2018.01.13"]
[Round "5.4"]
[White "Bevilacqua, Maurizio"]
[Black "Schrott, Karl"]
[Result "1-0"]
[WhiteElo "2043"]
[BlackElo "1988"]
[PlyCount "65"]
[EventDate "2018.01.??"]

1. Nf3 d5 2. d4 Nf6 3. Bf4 e6 4. e3 c6 5. Nbd2 Nbd7 6. h3 Qb6 7. Qc1 Be7 8. Bd3
c5 9. c3 O-O 10. O-O Rd8 11. Qb1 h6 12. Re1 Bd6 13. Ne5 Bc7 14. Ndf3 Nxe5 15.
dxe5 Nd7 16. g4 f6 17. Bh7+ Kh8 18. exf6 Nxf6 19. Bg6 Rf8 20. g5 hxg5 21. Nxg5
e5 22. Bg3 Be6 23. b4 cxb4 24. Qxb4 Qxb4 25. cxb4 Bg8 26. Rac1 Bd6 27. Red1
Rac8 28. a3 Bb8 29. Kg2 Rxc1 30. Rxc1 Bh7 31. Ne6 Bxg6 32. Nxf8 Bf5 33. Ng6+
1-0

[Event "Richter/Lask-Klausen"]
[Site "?"]
[Date "2018.01.13"]
[Round "5.5"]
[White "Schrott, Ernst"]
[Black "De Vita, Gianni"]
[Result "0-1"]
[WhiteElo "1983"]
[BlackElo "1884"]
[PlyCount "112"]
[EventDate "2018.01.??"]

1. e4 c5 2. Nf3 Nc6 3. d4 cxd4 4. Nxd4 Nf6 5. Nc3 d6 6. Be3 e6 7. f3 Be7 8. Qd2
O-O 9. O-O-O Bd7 10. g4 Nxd4 11. Bxd4 Bc6 12. Kb1 Nd7 13. h4 Nb6 14. g5 d5 15.
Qf4 f6 16. gxf6 Bxf6 17. e5 Be7 18. Qg4 Bd7 19. Rg1 Rf7 20. Bd3 Kh8 21. Qh5 g6
22. Bxg6 Rg7 23. Bd3 Qe8 24. Qh6 Qf7 25. f4 Rag8 26. Rxg7 Qxg7 27. Qh5 Be8 28.
Qf3 Qg4 29. Qxg4 Rxg4 30. Ne2 Rxh4 31. f5 Bh5 32. Bxb6 axb6 33. f6 Bf8 34. Rg1
Bf7 35. Nc3 Bc5 36. Re1 Bf2 37. Rf1 Bg3 38. b3 Bxe5 39. Nb5 Rh6 40. c4 Rh3 41.
Bc2 d4 42. Rd1 Rh4 43. Rf1 Kg8 44. Bd3 Kf8 45. b4 Rh2 46. a3 h5 47. Be4 h4 48.
Rd1 h3 49. Nxd4 Bxf6 50. Nb5 Rb2+ 51. Kc1 h2 52. Rf1 Re2 53. Bxb7 Ke7 54. Bf3
Ra2 55. Rh1 Bg6 56. Kd1 Bh5 0-1

[Event "Richter/Lask-Klausen"]
[Site "?"]
[Date "2018.01.13"]
[Round "5.6"]
[White "Billio, Atto"]
[Black "Schrott, Johann"]
[Result "1-0"]
[WhiteElo "1998"]
[BlackElo "1844"]
[PlyCount "70"]
[EventDate "2018.01.??"]

1. c4 e5 2. g3 Nc6 3. Bg2 Nf6 4. Nc3 Bc5 5. a3 a5 6. e3 O-O 7. Nge2 d6 8. O-O
Ne7 9. d4 exd4 10. exd4 Bb6 11. Bg5 c6 12. Bxf6 gxf6 13. Qd2 Ng6 14. Rad1 f5
15. h4 Qf6 16. h5 Ne7 17. Nf4 Kh8 18. Rfe1 Bd7 19. c5 Ba7 20. Na4 Rg8 21. b3
Rgd8 22. cxd6 Qxd6 23. Nc5 Bxc5 24. dxc5 Qf6 25. Qd6 Qxd6 26. Rxd6 Be6 27. Nxe6
fxe6 28. Rexe6 Ng8 29. Bh3 Rf8 30. f3 Rab8 31. b4 axb4 32. axb4 Rf7 33. Kf2
Rbf8 34. h6 Nf6 35. Re5 Nd5 1-0

[Event "Richter/Lask2-Brixen/Milland"]
[Site "?"]
[Date "2018.01.13"]
[Round "5.4"]
[White "Venturini, Sergio"]
[Black "Wisthaler, Lukas"]
[Result "0-1"]
[WhiteElo "1463"]
[BlackElo "1829"]
[PlyCount "39"]
[EventDate "2018.01.??"]

1. d4 d5 2. Nf3 Nf6 3. g3 c6 4. Bg2 Bf5 5. O-O e6 6. b3 Be7 7. Nbd2 Nbd7 8. Bb2
h6 9. Re1 O-O 10. Qc1 Rc8 11. Ba3 c5 12. dxc5 Nxc5 13. Nd4 Bg6 14. Qb2 Nce4 15.
Bxe7 Qxe7 16. Nxe4 Nxe4 17. Bxe4 Bxe4 18. f3 Bg6 19. Kg2 e5 20. Nb5 0-1

[Event "Ridnaun-Taufers"]
[Site "?"]
[Date "2018.01.13"]
[Round "5.2"]
[White "Obermueller, Johann"]
[Black "Holzer, Philipp"]
[Result "1/2-1/2"]
[WhiteElo "1641"]
[BlackElo "1818"]
[PlyCount "56"]
[EventDate "2018.01.??"]

1. e4 e5 2. Nf3 Nf6 3. d3 Nc6 4. Nc3 Bb4 5. Bd2 d6 6. h3 h6 7. Be2 O-O 8. O-O
a6 9. a3 Bc5 10. Be3 Bxe3 11. fxe3 d5 12. exd5 Nxd5 13. Nxd5 Qxd5 14. e4 Qd6
15. Kh1 Be6 16. Qd2 Rad8 17. Qc3 Bc8 18. Rf2 Rde8 19. Raf1 Qg6 20. Nh2 Qd6 21.
Bg4 Nd4 22. Bxc8 Rxc8 23. Nf3 c5 24. Qc4 b5 25. Qd5 Qxd5 26. exd5 f6 27. c4
Rfe8 28. Re1 Nxf3 1/2-1/2

[Event "Steinegg-Naturns"]
[Site "?"]
[Date "2018.01.13"]
[Round "1.1"]
[White "La Manna, Andrea"]
[Black "Mukic, Josko"]
[Result "0-1"]
[WhiteElo "2157"]
[BlackElo "2249"]
[PlyCount "62"]
[EventDate "2018.01.??"]

1. d4 g6 2. c4 Bg7 3. Nc3 d6 4. e4 e5 5. Nge2 Nc6 6. d5 Nce7 7. Be3 Nh6 8. f3
f5 9. Qd2 Nf7 10. Nc1 c5 11. dxc6 bxc6 12. Nb3 Be6 13. Be2 O-O 14. O-O-O a5 15.
Kb1 a4 16. Na1 Qb8 17. Nc2 Rd8 18. Qc1 Rd7 19. Nd5 Bxd5 20. cxd5 cxd5 21. exd5
Rc7 22. Qd2 Rb7 23. Na3 Nxd5 24. Bf2 Nb4 25. f4 e4 26. Bd4 Bxd4 27. Qxd4 d5 28.
g4 fxg4 29. Bxg4 Ra6 30. Rc1 Nc6 31. Qf6 Rxb2+ 0-1

[Event "Steinegg-Naturns"]
[Site "?"]
[Date "2018.01.13"]
[Round "5.2"]
[White "Engl, Stefan"]
[Black "Unterthurner, Hans"]
[Result "1-0"]
[WhiteElo "1992"]
[BlackElo "1933"]
[PlyCount "55"]
[EventDate "2018.01.??"]

1. e4 e5 2. Nf3 Nc6 3. d4 exd4 4. Bc4 Be7 5. c3 dxc3 6. Qd5 Nh6 7. Bxh6 O-O 8.
Bxg7 Kxg7 9. Nxc3 d6 10. O-O Bg4 11. Nd4 Nxd4 12. Qxd4+ Kg8 13. Nd5 Be6 14.
Rad1 Bxd5 15. Qxd5 Bf6 16. Rd3 Qe7 17. f4 Bg7 18. Rg3 Kh8 19. Qh5 f5 20. exf5
d5 21. Bd3 Rf6 22. b3 c5 23. Rh3 Bh6 24. g4 Rg8 25. Kh1 Bf8 26. g5 Rf7 27. g6
Rgg7 28. f6 1-0

[Event "Steinegg-Naturns"]
[Site "?"]
[Date "2018.01.13"]
[Round "5.3"]
[White "Naegele, Norbert"]
[Black "Pichler, Martin"]
[Result "0-1"]
[WhiteElo "1847"]
[BlackElo "1696"]
[PlyCount "54"]
[EventDate "2018.01.??"]

1. Nf3 g6 2. c4 Bg7 3. d4 d6 4. Nc3 Nf6 5. e4 O-O 6. Be2 Nc6 7. O-O e5 8. d5
Ne7 9. b4 Nh5 10. Re1 Nf4 11. Bf1 f5 12. g3 fxe4 13. Ng5 Nd3 14. Bxd3 exd3 15.
Ne6 Bxe6 16. dxe6 Nf5 17. Qxd3 c6 18. Rb1 Nd4 19. Rd1 Rf3 20. Be3 Qe7 21. Ne4
Raf8 22. Kg2 R3f5 23. g4 Rf3 24. Ng5 Qf6 25. Ne4 Qh4 26. Ng3 Qxg4 27. Qe4 Rxg3+
0-1

[Event "Steinegg-Naturns"]
[Site "?"]
[Date "2018.01.13"]
[Round "5.4"]
[White "Engl, Alexander"]
[Black "Gurschler, Thomas"]
[Result "1-0"]
[WhiteElo "1812"]
[BlackElo "1837"]
[PlyCount "81"]
[EventDate "2018.01.??"]

1. e4 g6 2. d4 Bg7 3. Nc3 c6 4. Be3 d5 5. e5 Nh6 6. Qd2 Nf5 7. O-O-O Qa5 8. h3
Nxe3 9. Qxe3 e6 10. Bd3 b5 11. Kb1 Ba6 12. Nf3 b4 13. Ne2 Bxd3 14. Qxd3 Nd7 15.
Nc1 O-O 16. Rhe1 Qb6 17. Qe3 a5 18. Nd3 Qa7 19. Nd2 Rfb8 20. f4 Nb6 21. g4 Nc4
22. Nxc4 dxc4 23. Nc5 a4 24. Qe2 b3 25. Qxc4 a3 26. cxb3 axb2 27. Na4 Rc8 28.
f5 gxf5 29. gxf5 exf5 30. Rg1 Kh8 31. Rg5 Qd7 32. Nc5 Qa7 33. a4 f4 34. Rdg1
Bh6 35. Rh5 Bg7 36. Qd3 h6 37. Qf5 Qe7 38. Qxf4 Qf8 39. Nd7 Qa3 40. Rxh6+ Kg8
41. Rxg7+ 1-0

[Event "Steinegg-Naturns"]
[Site "?"]
[Date "2018.01.13"]
[Round "5.5"]
[White "Gurschler, Gregor"]
[Black "Paparella, Nicole Samantha"]
[Result "1/2-1/2"]
[WhiteElo "1796"]
[BlackElo "1767"]
[PlyCount "57"]
[EventDate "2018.01.??"]

1. e4 e5 2. Nf3 Nc6 3. Bc4 Bc5 4. c3 Nf6 5. d3 d6 6. Bb3 h6 7. h3 O-O 8. Nbd2
Be6 9. Bc2 Nh7 10. g4 Ng5 11. Nf1 Nxf3+ 12. Qxf3 d5 13. Ng3 dxe4 14. dxe4 Be7
15. Nf5 Bg5 16. Bxg5 Qxg5 17. b4 Qf4 18. Qxf4 exf4 19. f3 Ne5 20. Kf2 Rad8 21.
Rhd1 Bxf5 22. exf5 Nc4 23. Rd4 Rxd4 24. cxd4 Rd8 25. Be4 Rxd4 26. Bxb7 Nd6 27.
Ba6 Rd2+ 28. Ke1 Rb2 29. a4 1/2-1/2

[Event "Steinegg-Naturns"]
[Site "?"]
[Date "2018.01.13"]
[Round "5.6"]
[White "Lantschner, Carmen"]
[Black "Naegele, Raimund"]
[Result "1-0"]
[WhiteElo "1624"]
[BlackElo "1658"]
[PlyCount "51"]
[EventDate "2018.01.??"]

1. e4 c6 2. d4 d5 3. exd5 cxd5 4. Bf4 Bf5 5. Bd3 Bxd3 6. Qxd3 Nf6 7. Nc3 Qa5 8.
Nf3 e6 9. O-O a6 10. Rfe1 Nc6 11. a3 Be7 12. b4 Qd8 13. b5 Na5 14. Reb1 O-O 15.
a4 Rc8 16. h3 h6 17. Ne5 Bd6 18. Bd2 Nc4 19. Nxc4 Rxc4 20. bxa6 bxa6 21. a5 Qc7
22. Rb6 Rb8 23. Rab1 Rxb6 24. Rxb6 Bb4 25. Rxa6 Bxc3 26. Ra8+ 1-0

[Event "Brixen/Milland-Ridnaun"]
[Site "?"]
[Date "2018.01.27"]
[Round "6.3"]
[White "Helfer, August"]
[Black "Kofler, Thomas"]
[Result "0-1"]
[WhiteElo "1638"]
[BlackElo "1932"]
[PlyCount "52"]
[EventDate "2018.01.27"]

1. d4 d6 2. c4 Nf6 3. Nc3 Nbd7 4. Nf3 e5 5. e4 Be7 6. Bg5 h6 7. Bh4 c6 8. Be2
Qc7 9. Qc2 a6 10. h3 Nf8 11. a3 g5 12. Bg3 Ng6 13. Rc1 Rg8 14. dxe5 dxe5 15. b4
Nh5 16. Nh2 Nhf4 17. Rg1 h5 18. f3 Ne6 19. Bf2 Ngf4 20. Rd1 Nd4 21. Qb1 Be6 22.
c5 a5 23. Nf1 axb4 24. axb4 Ra1 25. Qb2 Rxd1+ 26. Bxd1 Nd3+ 0-1

[Event "Bruneck-Richter/Lask"]
[Site "?"]
[Date "2018.01.27"]
[Round "6.1"]
[White "De Eccher, Stefano"]
[Black "Moling, Patrick"]
[Result "1-0"]
[WhiteElo "2195"]
[BlackElo "2060"]
[PlyCount "97"]
[EventDate "2018.01.27"]

1. e4 c5 2. c4 Nc6 3. Nc3 g6 4. g3 Bg7 5. Bg2 d6 6. d3 e6 7. Nge2 Nge7 8. h4 h6
9. Be3 Nd4 10. Qd2 Nec6 11. O-O a6 12. h5 g5 13. f4 gxf4 14. Rxf4 e5 15. Rf2
Bg4 16. Raf1 Nxe2+ 17. Nxe2 Bxh5 18. Nc3 Ne7 19. Bh3 Bg6 20. Qd1 O-O 21. Bf5
Qc7 22. Rh2 b5 23. g4 b4 24. Nd5 Nxd5 25. exd5 e4 26. dxe4 Qe7 27. Qf3 Rae8 28.
Bf4 Be5 29. Qg3 Bxf4 30. Qxf4 Qg5 31. Rxh6 Qxf4 32. Rxf4 Kg7 33. g5 Re5 34. Kf2
Rfe8 35. Kg3 a5 36. Kg4 a4 37. Rh2 a3 38. bxa3 bxa3 39. Rh3 Ra8 40. Rb3 Re7 41.
Rff3 Rh8 42. Rh3 Bxf5+ 43. Kxf5 Rhe8 44. Rbe3 Re5+ 45. Kf4 R8e7 46. Rh6 Rxg5
47. Kxg5 Re5+ 48. Kf4 Kxh6 49. Rxa3 1-0

[Event "Bruneck-Richter/Lask"]
[Site "?"]
[Date "2018.01.27"]
[Round "6.2"]
[White "Peintner, Andreas"]
[Black "Moncher, Stefano"]
[Result "0-1"]
[WhiteElo "1942"]
[BlackElo "2182"]
[PlyCount "132"]
[EventDate "2018.01.27"]

1. d4 Nf6 2. c4 g6 3. Nc3 Bg7 4. e4 d6 5. Be2 O-O 6. Bg5 c5 7. d5 e6 8. Nf3
exd5 9. cxd5 h6 10. Bf4 g5 11. Be3 Nbd7 12. O-O Re8 13. Nd2 Ne5 14. f3 a6 15.
a4 b6 16. Nc4 Nh5 17. Re1 Nf4 18. Bf1 Nxc4 19. Bxc4 Be5 20. Qd2 Kh7 21. Kh1 Rg8
22. g3 Nh5 23. Bf1 Qf6 24. Bg2 a5 25. Rac1 Ba6 26. Nd1 Qg6 27. Bh3 Bc8 28. Bg2
Bd7 29. b3 Rg7 30. Nf2 Nf4 31. Bf1 Qh5 32. Qd1 Qg6 33. Nd3 Nxd3 34. Bxd3 f5 35.
exf5 Bxf5 36. Bxf5 Qxf5 37. Qc2 Rf8 38. Kg2 Kg6 39. Rf1 Qxc2+ 40. Rxc2 Re7 41.
f4 Bg7 42. Re2 Bd4 43. Kf3 Rfe8 44. Rfe1 g4+ 45. Kf2 Rxe3 46. Rxe3 Kf5 47. R1e2
Re4 48. Re1 h5 49. R1e2 h4 50. Re1 h3 51. R1e2 c4 52. bxc4 Bxe3+ 53. Rxe3 Rxc4
54. Re8 Rxa4 55. Ke3 Ra2 56. Rf8+ Kg6 57. Rg8+ Kf6 58. Rxg4 Rxh2 59. Kf3 a4 60.
Rh4 a3 61. Rh7 a2 62. Ra7 Rb2 63. g4 h2 64. g5+ Kf5 65. Rf7+ Kg6 66. Rf6+ Kg7
0-1

[Event "Bruneck-Richter/Lask"]
[Site "?"]
[Date "2018.01.27"]
[Round "6.3"]
[White "Voltolini, Giuseppe"]
[Black "Balzarini, Franco"]
[Result "1/2-1/2"]
[WhiteElo "2135"]
[BlackElo "1845"]
[PlyCount "51"]
[EventDate "2018.01.27"]

1. d4 d5 2. c4 e6 3. Nf3 Nf6 4. Nc3 Be7 5. Bg5 O-O 6. e3 c5 7. cxd5 Nxd5 8.
Bxe7 Qxe7 9. Nxd5 exd5 10. dxc5 Qxc5 11. a3 Bg4 12. Qd4 Qxd4 13. Nxd4 Nc6 14.
Bd3 Nxd4 15. exd4 Rfe8+ 16. Kd2 Rac8 17. f4 Bd7 18. Rhe1 Kf8 19. Re5 Bc6 20. b4
g6 21. b5 f6 22. Rxe8+ Bxe8 23. g4 Bd7 24. h3 Ke7 25. a4 Kd6 26. Re1 1/2-1/2

[Event "Bruneck-Richter/Lask"]
[Site "?"]
[Date "2018.01.27"]
[Round "6.4"]
[White "Niederkofler, Andreas"]
[Black "Bevilacqua, Maurizio"]
[Result "0-1"]
[WhiteElo "1789"]
[BlackElo "2043"]
[PlyCount "60"]
[EventDate "2018.01.27"]

1. e4 c5 2. Nf3 e6 3. d4 cxd4 4. Nxd4 a6 5. Nc3 Qc7 6. f4 Nc6 7. Nf3 b5 8. Bd3
Bb7 9. O-O d6 10. Qe1 Nf6 11. Qg3 O-O-O 12. Be3 h5 13. Kh1 h4 14. Nxh4 d5 15.
exd5 Nxd5 16. Nxd5 Rxd5 17. Nf3 f6 18. a4 b4 19. Bc4 Ne7 20. Bxd5 Nxd5 21. Bg1
g5 22. Rae1 Nxf4 23. Qg4 Qc6 24. Be3 Nd5 25. Bd4 Kb8 26. Qxe6 Bd6 27. Bxf6 Nxf6
28. Qxf6 Rxh2+ 29. Kg1 Bc5+ 30. Nd4 Qxg2# 0-1

[Event "Bruneck-Richter/Lask"]
[Site "?"]
[Date "2018.01.27"]
[Round "6.5"]
[White "De Vita, Gianni"]
[Black "Peintner, Markus"]
[Result "1-0"]
[WhiteElo "1983"]
[BlackElo "1456"]
[PlyCount "105"]
[EventDate "2018.01.27"]

1. e4 c5 2. c3 e6 3. d4 cxd4 4. cxd4 d5 5. e5 Nc6 6. Nf3 Nge7 7. Bd3 Bd7 8. Nc3
a6 9. O-O g6 10. Bg5 Bg7 11. Rc1 h6 12. Be3 Nf5 13. Bb1 Nxe3 14. fxe3 O-O 15.
e4 Ne7 16. Qb3 Bc6 17. Rfe1 Qd7 18. Qb6 Qd8 19. Qc5 Rc8 20. Qd6 Re8 21. a4 Bf8
22. Qxd8 Rexd8 23. b4 b5 24. axb5 axb5 25. Bd3 dxe4 26. Bxe4 Nd5 27. Bxd5 Bxd5
28. Nxd5 Rxc1 29. Nf6+ Kg7 30. Rxc1 Bxb4 31. Rb1 Bc3 32. Rxb5 g5 33. g4 Ra8 34.
Kf2 Ba5 35. Ne8+ Rxe8 36. Rxa5 Rb8 37. Ra2 Kg6 38. Nd2 Rb4 39. Ke3 Rb5 40. Rc2
Rb7 41. Ne4 Rb3+ 42. Rc3 Rb2 43. h3 Rb7 44. Nf6 Rb8 45. Ke4 Kg7 46. Rc7 Rd8 47.
Re7 Kf8 48. Rc7 Ra8 49. Nd7+ Kg8 50. Rc3 Rd8 51. Nb6 Rb8 52. Rc8+ Rxc8 53. Nxc8
1-0

[Event "Bruneck-Richter/Lask"]
[Site "?"]
[Date "2018.01.27"]
[Round "6.6"]
[White "Scanferla, Antonio"]
[Black "Billio, Atto"]
[Result "0-1"]
[WhiteElo "1416"]
[BlackElo "1998"]
[PlyCount "127"]
[EventDate "2018.01.27"]

1. e4 c5 2. g3 Nc6 3. Bg2 g6 4. Nc3 Bg7 5. d3 e6 6. Nge2 Nge7 7. O-O O-O 8. b3
b5 9. Rb1 Rb8 10. Bb2 d6 11. Qd2 Qa5 12. Rfd1 Bd7 13. a4 a6 14. axb5 axb5 15.
Ra1 Qb6 16. Rdb1 f5 17. Nd1 e5 18. c4 Nd4 19. Bc3 b4 20. Bxd4 cxd4 21. Ra2 f4
22. gxf4 Bh6 23. Rba1 Nc6 24. f3 Qd8 25. Qe1 Bxf4 26. Nxf4 Rxf4 27. Qg3 Rf8 28.
Nf2 Qf6 29. Ng4 Qf4 30. Qxf4 exf4 31. Nf2 g5 32. Bh3 Bxh3 33. Nxh3 h6 34. Kf2
Kf7 35. Ke2 Ke6 36. Nf2 Rg8 37. Ra6 Kd7 38. R1a4 Rb7 39. Ng4 Rg6 40. h3 h5 41.
Nf2 Rb8 42. Ra1 Kc7 43. Ra8 Kb7 44. Rxb8+ Kxb8 45. Rg1 Ne5 46. Ra1 Kb7 47. Ra5
Nc6 48. Rb5+ Kc7 49. Kd2 Rg8 50. c5 dxc5 51. Rxc5 Kd6 52. Rd5+ Ke6 53. Rc5 Ne5
54. Ke2 Ra8 55. Rc2 Ra3 56. Rb2 Ra1 57. Nd1 Nxf3 58. Nf2 Ne5 59. Rc2 g4 60.
hxg4 hxg4 61. Nxg4 Nxg4 62. Kf3 Ne3 63. Rh2 Rf1+ 64. Ke2 0-1

[Event "Gries-Ehrenburg"]
[Site "?"]
[Date "2018.01.27"]
[Round "6.1"]
[White "Gatterer, Florian"]
[Black "Spornberger, Andre"]
[Result "1/2-1/2"]
[WhiteElo "2284"]
[BlackElo "2279"]
[PlyCount "85"]
[EventDate "2018.01.27"]

1. b3 g6 2. Bb2 Nf6 3. c4 Bg7 4. Nf3 O-O 5. g3 d6 6. d4 c5 7. Bg2 Na6 8. O-O
Rb8 9. Re1 b6 10. Nc3 Nc7 11. dxc5 bxc5 12. Qc2 Bb7 13. e4 Nd7 14. Rad1 Ne5 15.
Nxe5 Bxe5 16. Kh1 Bd4 17. Ne2 e5 18. f4 Ne6 19. Rf1 Bxb2 20. Qxb2 Nd4 21. Qd2
a5 22. Nxd4 cxd4 23. f5 f6 24. h4 Kg7 25. Kh2 g5 26. hxg5 fxg5 27. f6+ Rxf6 28.
Rxf6 Kxf6 29. c5 dxc5 30. Rf1+ Kg6 31. Bh3 Bxe4 32. Qe2 Qd5 33. Qf2 Rb6 34.
Bf5+ Kh6 35. Bxe4 Qxe4 36. Qf8+ Kh5 37. Qf7+ Qg6 38. g4+ Kh6 39. Qf8+ Qg7 40.
Qe8 Qg6 41. Qf8+ Qg7 42. Qe8 Qg6 43. Qf8+ 1/2-1/2

[Event "Gries-Ehrenburg"]
[Site "?"]
[Date "2018.01.27"]
[Round "6.2"]
[White "Fongarolli, Diego"]
[Black "Hengl, Christian"]
[Result "1/2-1/2"]
[WhiteElo "1951"]
[BlackElo "2157"]
[PlyCount "56"]
[EventDate "2018.01.27"]

1. e4 e6 2. d4 d5 3. Nd2 Nf6 4. e5 Nfd7 5. Bd3 c5 6. c3 Nc6 7. Ne2 cxd4 8. cxd4
f6 9. Nf4 Nxd4 10. Qh5+ Ke7 11. exf6+ Nxf6 12. Ng6+ hxg6 13. Qxh8 Kf7 14. O-O
e5 15. Nb3 Nxb3 16. axb3 Bf5 17. Bxf5 gxf5 18. Bg5 Bc5 19. Qh3 Ke6 20. Rad1 Qd7
21. Bxf6 Kxf6 22. b4 Bb6 23. Rfe1 Qe6 24. Qh4+ Kf7 25. Qh5+ Ke7 26. Qg5+ Kf7
27. Qh5+ Ke7 28. Qg5+ Kf7 1/2-1/2

[Event "Gries-Ehrenburg"]
[Site "?"]
[Date "2018.01.27"]
[Round "6.3"]
[White "Jedinger, Andreas"]
[Black "Paulmichl, Martin"]
[Result "1-0"]
[WhiteElo "2104"]
[BlackElo "1870"]
[PlyCount "35"]
[EventDate "2018.01.27"]

1. e4 d5 2. exd5 Qxd5 3. Nf3 Nf6 4. d4 Bg4 5. Be2 Nc6 6. c4 Qf5 7. Be3 e5 8. d5
Bxf3 9. Bxf3 Nb4 10. Qa4+ Nd7 11. O-O e4 12. Be2 Nd3 13. Nc3 a6 14. f3 Bc5 15.
Bxc5 N3xc5 16. Qc2 O-O 17. fxe4 Qg6 18. b4 1-0

[Event "Gries-Ehrenburg"]
[Site "?"]
[Date "2018.01.27"]
[Round "6.4"]
[White "Niederstaetter, Harald"]
[Black "Babinetz, Rainer"]
[Result "0-1"]
[WhiteElo "1943"]
[BlackElo "1959"]
[PlyCount "77"]
[EventDate "2018.01.27"]

1. d4 d5 2. Nf3 Nc6 3. Bf4 Nf6 4. e3 e6 5. Nbd2 Bd6 6. Ne5 O-O 7. c3 Nd7 8.
Nxc6 bxc6 9. Bd3 Bxf4 10. exf4 c5 11. Nf3 cxd4 12. cxd4 c5 13. O-O cxd4 14.
Nxd4 Nc5 15. Bb5 Qd6 16. Rc1 a6 17. Be2 Rb8 18. Qc2 Rb4 19. Rfd1 Ne4 20. f3 Nf6
21. Qd2 Qb6 22. Rc6 Qb8 23. Rc2 Bd7 24. b3 Qb6 25. Kf1 Qb7 26. Rdc1 Qb8 27. g3
Re8 28. Nc6 Bxc6 29. Rxc6 a5 30. R1c3 Qb7 31. Qc2 d4 32. R3c4 Nd5 33. Qd2 Ne3+
34. Kf2 Nxc4 35. Rxc4 Qb6 36. Bd3 Rxc4 37. Bxc4 Rd8 38. Qd3 a4 39. Kg2 0-1

[Event "Gries-Ehrenburg"]
[Site "?"]
[Date "2018.01.27"]
[Round "6.5"]
[White "Messner, Alex"]
[Black "Ellemund, Gabriel"]
[Result "0-1"]
[WhiteElo "1652"]
[BlackElo "1588"]
[PlyCount "63"]
[EventDate "2018.01.27"]

1. Nf3 Nf6 2. g3 g6 3. Bg2 Bg7 4. O-O O-O 5. d3 c5 6. e4 Nc6 7. Nc3 d6 8. Ne2
Bd7 9. c3 c4 10. Ne1 cxd3 11. Nxd3 Rb8 12. Bg5 Ng4 13. Qd2 h6 14. Bf4 Kh7 15.
h3 Nge5 16. Nxe5 Nxe5 17. b3 Qa5 18. Rac1 g5 19. b4 Qa6 20. Bxe5 Bxe5 21. Nd4
Rbc8 22. f4 gxf4 23. gxf4 Bf6 24. Nf3 Rg8 25. Kh2 Be6 26. e5 dxe5 27. fxe5 Bg7
28. Qe3 Qb5 29. Qe4+ Kh8 30. a4 Qd5 31. Qh4 Bxe5+ 32. Kh1 0-1

[Event "Gries-Ehrenburg"]
[Site "?"]
[Date "2018.01.27"]
[Round "6.6"]
[White "Spornberger, Peter"]
[Black "Gruber, Alexander"]
[Result "0-1"]
[WhiteElo "1537"]
[BlackElo "1815"]
[PlyCount "78"]
[EventDate "2018.01.27"]

1. e4 e6 2. d4 d5 3. exd5 exd5 4. c4 c6 5. Nc3 Nf6 6. Nf3 Bd6 7. Bd3 O-O 8. O-O
h6 9. h3 dxc4 10. Bxc4 Bf5 11. Re1 Nbd7 12. d5 Nb6 13. Bb3 Nbxd5 14. Nxd5 cxd5
15. Kh1 Bc5 16. Nd4 Bg6 17. Be3 b6 18. Rc1 Rc8 19. Kg1 Qd7 20. Qe2 Rfd8 21.
Red1 Bh5 22. f3 Bg6 23. Bf2 Nh5 24. Qd2 Qe7 25. a3 Qf6 26. Be3 Qe7 27. Bf2 a6
28. Re1 Qd6 29. Red1 Nf4 30. Be3 Ne6 31. Kf2 Nxd4 32. Bxd4 Bxd4+ 33. Qxd4 Rxc1
34. Rxc1 f6 35. Rd1 Bf7 36. Rd2 Qc5 37. Ke3 Kf8 38. Rc2 Re8+ 39. Kd3 Bg6+ 0-1

[Event "Kaltern/Tramin-Steinegg"]
[Site "?"]
[Date "2018.01.27"]
[Round "6.1"]
[White "Mukic, Josko"]
[Black "Bertagnolli, Alexander"]
[Result "1/2-1/2"]
[WhiteElo "2249"]
[BlackElo "2404"]
[PlyCount "102"]
[EventDate "2018.01.27"]

1. Nf3 Nf6 2. g3 b5 3. Bg2 Bb7 4. a4 a6 5. O-O e6 6. d4 Be7 7. c3 O-O 8. Nbd2
d5 9. axb5 axb5 10. Rxa8 Bxa8 11. Qb3 c6 12. Ne5 Nfd7 13. Nd3 f5 14. Qa2 Bb7
15. b3 Na6 16. Nf4 Nc7 17. Bb2 g5 18. Nd3 g4 19. Ra1 b4 20. cxb4 Ba6 21. Qb1
Bg5 22. e3 Bxd3 23. Qxd3 Nb5 24. Nb1 Qb6 25. Nc3 Nxc3 26. Bxc3 Rb8 27. Be1 Be7
28. Ra4 Kf7 29. Bf1 Nf6 30. Ra6 Qb7 31. Qc2 Rc8 32. Qa2 Rc7 33. Qa5 Ne4 34. Bd3
Nd6 35. Kf1 h5 36. Ra8 Nb5 37. Qa6 Nd6 38. Ke2 Ne4 39. Qxb7 Rxb7 40. Bxe4 fxe4
41. Ra4 Ke8 42. Kd1 Kd7 43. Kc2 Kc7 44. Kb2 Bd6 45. Ka3 Kb6 46. Ra8 Ra7+ 47.
Rxa7 Kxa7 48. Ka4 Kb6 49. Bc3 Be7 50. Bb2 h4 51. Bc3 h3 1/2-1/2

[Event "Kaltern/Tramin-Steinegg"]
[Site "?"]
[Date "2018.01.27"]
[Round "6.2"]
[White "Paltrinieri, Nicholas"]
[Black "Engl, Stefan"]
[Result "0-1"]
[WhiteElo "2234"]
[BlackElo "1992"]
[PlyCount "115"]
[EventDate "2018.01.27"]

1. d4 e6 2. Nf3 f5 3. g3 Nf6 4. Bg2 d5 5. b3 Bd6 6. O-O Qe7 7. c4 c6 8. Nbd2
O-O 9. Bb2 Bd7 10. Ne5 Be8 11. f3 Nbd7 12. Nxd7 Nxd7 13. e4 f4 14. e5 Ba3 15.
Bxa3 Qxa3 16. Rf2 Bg6 17. Qc1 Qe7 18. cxd5 exd5 19. Qc3 Bf5 20. gxf4 Qh4 21.
Qe3 Rae8 22. Nf1 Rf7 23. Ng3 Nf8 24. Ne2 Re6 25. Rd1 Rh6 26. Bf1 Ne6 27. Rd2
Rf8 28. b4 Kh8 29. a4 Rg8 30. Ng3 g5 31. fxg5 Rxg5 32. Rg2 Nf4 33. e6 Nxg2 34.
Rxg2 Bxe6 35. f4 Rg8 36. Bd3 Bh3 37. Qe5+ Qf6 38. Re2 Qxe5 39. dxe5 Bg4 40. Re1
a5 41. b5 c5 42. f5 c4 43. Bb1 d4 44. e6 d3 45. e7 Bh5 46. Re4 d2 47. Bc2 Rd6
48. Kf2 Bf7 49. Ke2 c3 50. Re3 Re8 51. Re4 Bd5 52. Re5 Bc4+ 53. Kd1 Bd3 54. Bb3
Bb1 55. Bd5 Ba2 56. f6 Bxd5 57. Rxd5 Rxd5 58. f7 0-1

[Event "Kaltern/Tramin-Steinegg"]
[Site "?"]
[Date "2018.01.27"]
[Round "6.3"]
[White "Pichler, Martin"]
[Black "Panjkovic, Aleksandar"]
[Result "1-0"]
[WhiteElo "1696"]
[BlackElo "2074"]
[PlyCount "67"]
[EventDate "2018.01.27"]

1. e4 c5 2. Nc3 g6 3. g3 Bg7 4. Bg2 Nc6 5. f4 d6 6. Nf3 Bg4 7. h3 Bxf3 8. Bxf3
e6 9. d3 Nge7 10. Be3 Rc8 11. O-O O-O 12. Rb1 b6 13. g4 d5 14. Ne2 f5 15. a3
Kh8 16. exf5 d4 17. Bd2 exf5 18. Ng3 Qd7 19. Qe2 Rce8 20. Qg2 Nd8 21. Rbe1 Ne6
22. h4 Nc7 23. h5 fxg4 24. Be4 Ncd5 25. hxg6 hxg6 26. f5 Nf6 27. fxg6 Kg8 28.
Qh1 Qd6 29. Bf4 Qd7 30. Be5 Nxg6 31. Bxg6 Rxe5 32. Rxe5 Qc7 33. Rfe1 Nh5 34.
Qd5+ 1-0